| 000 | 00475nam a2200193 a 4500 | ||
|---|---|---|---|
| 001 | 1763019238110 | ||
| 003 | YourLibrary | ||
| 005 | 20251114111525.0 | ||
| 008 | 251113s1999##################000#0#eng## | ||
| 020 | _a9780099282990 | ||
| 082 | 0 | 4 | _a895.635MIS |
| 100 | 1 |
_aMishima, Yukio, _eauthor. |
|
| 245 | 1 | 0 | _aSpring Snow : |
| 260 |
_bRandom House, _c1999. |
||
| 300 | _a402 pages | ||
| 650 | 0 | _aFiction. | |
| 942 | _cENGLISH | ||
| 040 |
_aYourLibrary _beng _cYourLibrary |
||
| 999 |
_c597489 _d597489 |
||